Score 0/14 Timer 03:00
0 Plays Today
Hint Performer % Correct
ONWCLClown
98.2%
EEKGGeek
97.8%
INOL MTARELion tamer
96.3%
GLGERUJJuggler
95.6%
GTEIRTiger
94.6%
IHTGTOREP KWAELRTightrope walker
91.6%
ATREPZE TRITASTrapeze artist
91.1%
Hint Performer % Correct
TAORCBAAcrobat
87.8%
EDDERAB DALYBearded lady
87.4%
AOOTTT DALYTattoo lady
86.7%
MHAUN NNONCALLABHuman cannonball
84.3%
AMSONGTRNStrongman
71.8%
PAEEHNTLElephant
64.7%
IGNRATSMRERingmaster
50.3%

You're not logged in!

Compare scores with friends on all Sporcle quizzes.
OR
Log In

Sporcle TV

Today on Sporcle TV


Watch our educational content, quiz creation guides, and fun videos on Sporcle TV.

Show Comments

Extras

Top Quizzes Today


Score Distribution

Your Account Isn't Verified!

In order to create a playlist on Sporcle, you need to verify the email address you used during registration. Go to your Sporcle Settings to finish the process.

Report this User

Report this user for behavior that violates our Community Guidelines.

Details: